O conceito de rural/Deis Siqueira e Rafael Osório
שמור ב:
| מחבר ראשי: | |
|---|---|
| מחברים אחרים: | |
| פורמט: | לא ידוע |
| יצא לאור: |
Buenos Aires:
CLACSO. ASDI
|
| נושאים: | |
| תגים: |
הוספת תג
אין תגיות, היה/י הראשונ/ה לתייג את הרשומה!
|
MARC
| LEADER | 00000 a2200000 04500 | ||
|---|---|---|---|
| 001 | 19297 | ||
| 003 | cru CIDCACS/IIS | ||
| 005 | 20180823163623.0 | ||
| 008 | 991231s d | ||
| 999 | |c 9234 |d 9234 | ||
| 040 | |c cru CIDCACS/IIS | ||
| 090 | |a 07.01.01 G435n | ||
| 100 | 1 | |a Siqueira, Deis |9 7526 | |
| 245 | |a O conceito de rural/Deis Siqueira e Rafael Osório |c Norma Giurracca | ||
| 260 | |a Buenos Aires: |b CLACSO. ASDI | ||
| 300 | |a 67-79 páginas | ||
| 650 | |a ZONAS RURALES | ||
| 650 | |a SECTOR AGROPECUARIO | ||
| 650 | |a DESARROLLO AGROPECUARIO | ||
| 650 | |a GLOBALIZACION | ||
| 700 | 1 | |9 7528 |a Osório, Rafael | |
| 773 | 0 | |0 3973 |9 2186 |a Giarracca, Norma |d Buenos Aires: CLACSO. ASDI |o 18960 |t ¿Una nueva ruralidad en América Latina? / |w (cru CIDCACS/IIS)19300 | |
| 942 | |2 ddc |c LI | ||
